Abierto de Australia 2018: Países con jugadores clasificados 1 a 32 - Estadísticas

Estadísticas generales
  • Esta prueba ha sido intentada 74 veces
  • La puntuación promedio es 23 de 30
Estadísticas de respuestas
masculino femenino total país % Correcto
3 4 7 Estados Unidos
98%
4 1 5 España
97%
2 2 Argentina
95%
1 2 3 Australia
95%
1 1 Canadá
95%
4 2 6 Francia
95%
1 1 Reino Unido
95%
1 1 Italia
94%
1 4 5 Rusia
92%
1 1 China
91%
2 2 Suiza
91%
1 1 Serbia
89%
3 2 5 Alemania
88%
1 1 Países Bajos
81%
1 1 Austria
80%
1 1 Bélgica
80%
1 1 2 Croacia
78%
2 2 Eslovaquia
78%
1 4 5 Chequia
75%
1 1 Ucrania
73%
1 1 Dinamarca
72%
1 1 Polonia
70%
1 1 Rumania
66%
1 1 Bulgaria
63%
1 1 Bosnia y Herzegovina
56%
2 2 Letonia
53%
1 1 Sudáfrica
53%
1 1 Estonia
52%
1 1 Uruguay
38%
1 1 Luxemburgo
27%
No se encontraron pruebas coincidentes
Distribución de puntuación
Porcentaje de gente con cada puntuación
Porcentaje por número respondido
Historial de tus puntuaciones
No has intentado esta prueba.